Elvis Presley in loving you / (Record no. 109373)
[ view plain ]
| 000 -LEADER | |
|---|---|
| fixed length control field | 00683nam a2200193 a 4500 |
| 005 - DATE AND TIME OF LATEST TRANSACTION | |
| control field | 20140414093842.0 |
| 008 - FIXED-LENGTH DATA ELEMENTS--GENERAL INFORMATION | |
| fixed length control field | 090113s19uu xx uuu eng d |
| 050 ## - LIBRARY OF CONGRESS CALL NUMBER | |
| Classification number | DVD 780 |
| Item number | ELV 2005 |
| 100 ## - MAIN ENTRY--PERSONAL NAME | |
| Personal name | Kanter, Hal |
| 245 ## - TITLE STATEMENT | |
| Title | Elvis Presley in loving you / |
| Statement of responsibility, etc | written by Hal Kanter and Herbert Baker; produced by Hal B. Walis, directed by Hal Kanter. |
| 260 ## - PUBLICATION, DISTRIBUTION, ETC. (IMPRINT) | |
| Place of publication, distribution, etc | [S.l.] : |
| Name of publisher, distributor, etc | [S.n.], |
| Date of publication, distribution, etc | c2005. |
| 300 ## - PHYSICAL DESCRIPTION | |
| Extent | 1 DVD, |
| 520 ## - SUMMARY, ETC. | |
| Summary, etc | "Loving You" Elvis Presley Lizabeth Scott Wendell Corey Dolores Hart James Gleason Ralph Dumke Paul Smith Kenneth Becker Jana Lund |
| 650 ## - SUBJECT ADDED ENTRY--TOPICAL TERM | |
| Topical term or geographic name as entry element | Rock music. |
| 700 ## - ADDED ENTRY--PERSONAL NAME | |
| Personal name | Baker, Herbert |
| 700 ## - ADDED ENTRY--PERSONAL NAME | |
| Personal name | Walis, Hal B. |
| 942 ## - ADDED ENTRY ELEMENTS (KOHA) | |
| Koha item type | Audio Visual Materials |
| Withdrawn status | Lost status | Damaged status | Use restrictions | Home library | Current library | Shelving location | Date acquired | Source of acquisition | Total Checkouts | Full call number | Barcode | Date last seen | Price effective from | Koha item type |
|---|---|---|---|---|---|---|---|---|---|---|---|---|---|---|
| Luxembourg Library | Luxembourg Library | Audio Visual Material Section | 01/13/2009 | DVD 780 ELV 2005 | AV1013 | 04/14/2014 | 04/14/2014 | Audio Visual Materials |